Bài tập vật lý đại cương : Phần cơ nhiệt (Dùng cho học sinh các trường đại học kỹ thuật, có hướng dẫn và đáp số) /
Bewaard in:
| Hoofdauteur: | |
|---|---|
| Andere auteurs: | , |
| Formaat: | Sách giấy |
| Taal: | Vietnamese |
| Gepubliceerd in: |
Hà Nội :
Đại học và Trung học Chuyên nghiệp,
1977.
|
| Tags: |
Voeg label toe
Geen labels, Wees de eerste die dit record labelt!
|
| Thư viện lưu trữ: | Thư viện Trường Đại học Đà Lạt |
|---|
| LEADER | 00843nam a2200277 4500 | ||
|---|---|---|---|
| 001 | DLU020001531 | ||
| 005 | ##19990303 | ||
| 040 | # | # | |a DLU |b vie |
| 041 | # | # | |a vie |
| 044 | # | # | |a vn |
| 082 | # | # | |a 530.076 |b NG-H |
| 100 | # | # | |a Nguyễn Hữu Hồ. |
| 245 | # | # | |a Bài tập vật lý đại cương : |b Phần cơ nhiệt (Dùng cho học sinh các trường đại học kỹ thuật, có hướng dẫn và đáp số) / |c Nguyễn Hữu Hồ, Lê Văn Nghĩa, Nguyễn Tụng. |
| 260 | # | # | |a Hà Nội : |b Đại học và Trung học Chuyên nghiệp, |c 1977. |
| 300 | # | # | |a 224 tr. ; |c 21 cm. |
| 700 | # | # | |a Lê Văn Nghĩa. |
| 700 | # | # | |a Nguyễn Tụng. |
| 992 | # | # | |a 743 |
| 994 | # | # | |a DLU |
| 900 | # | # | |a False |
| 911 | # | # | |a Administrator |
| 925 | # | # | |a G |
| 926 | # | # | |a A |
| 927 | # | # | |a SH |
| 980 | # | # | |a Thư viện Trường Đại học Đà Lạt |